Central Library OPAC University of Rajshahi

শ্রমিক শ্রেণী - মে দিবস ও শিল্প সম্পর্কের গতিধারা / (Record no. 84216)

MARC details
000 -LEADER
fixed length control field 00849nam a2200229 a 4500
001 - CONTROL NUMBER
control field 84216
003 - CONTROL NUMBER IDENTIFIER
rucl marc code BD-RjUL
005 - DATE AND TIME OF LATEST TRANSACTION
control field 20241103123212.0
008 - FIXED-LENGTH DATA ELEMENTS--GENERAL INFORMATION
fixed length control field 241103s2021 bg ||||| |||| 00| 0 ben d
020 ## - INTERNATIONAL STANDARD BOOK NUMBER
International Standard Book Number 9789849502135
035 ## - SYSTEM CONTROL NUMBER
System control number (BD-RjUL)84216
040 ## - CATALOGING SOURCE
Original cataloging agency BD-RjUL
Language of cataloging eng
Transcribing agency BD-RjUL
041 ## - LANGUAGE CODE
Language code of text/sound track or separate title ben
082 ## - DEWEY DECIMAL CLASSIFICATION NUMBER
Edition number 23
Classification number 331.8
Author mark and year TAS 2021
100 ## - MAIN ENTRY--PERSONAL NAME
Personal name তাহের, মো. আবু
9 (RLIN) 14059
245 ## - TITLE STATEMENT
Title শ্রমিক শ্রেণী - মে দিবস ও শিল্প সম্পর্কের গতিধারা /
Statement of responsibility, etc. মো. আবু তাহের
260 ## - PUBLICATION, DISTRIBUTION, ETC. (IMPRINT)
Place of publication, distribution, etc. ঢাকা :
Name of publisher, distributor, etc. আবীর পাবলিকেশন্স,
Date of publication, distribution, etc. ২০২১
300 ## - PHYSICAL DESCRIPTION
Pagination ১৬০ পৃ.;
Size ২২ সেমি.
650 ## - SUBJECT ADDED ENTRY--TOPICAL TERM
Topical term or geographic name as entry element শ্রমিক ইউনিয়ন
9 (RLIN) 14060
Topical term or geographic name as entry element Labor unions
9 (RLIN) 14061
942 ## - ADDED ENTRY ELEMENTS (KOHA)
Source of classification or shelving scheme Dewey Decimal Classification
Koha item type Books
Holdings
Lost status Source of classification or shelving scheme Damaged status Not for loan Collection code Permanent Location Current Location Shelving location Date acquired Source of acquisition Cost, normal purchase price Total Checkouts Full call number Date last seen Copy number Koha item type
  Dewey Decimal Classification   Not For Loan Non-fiction Central Library, University of Rajshahi Central Library, University of Rajshahi Reading Room 31/10/2024 Author 300.00   B 331.8 TAS 2021 03/11/2024 C-1 Books
  Dewey Decimal Classification     Non-fiction Central Library, University of Rajshahi Central Library, University of Rajshahi General Stacks 31/10/2024 Author 300.00   B 331.8 TAS 2021 03/11/2024 C-2 Books
  Dewey Decimal Classification     Non-fiction Central Library, University of Rajshahi Central Library, University of Rajshahi General Stacks 31/10/2024 Author 300.00   B 331.8 TAS 2021 03/11/2024 C-3 Books